| 000 | 003460000a22001450004500 | ||
|---|---|---|---|
| 003 | MACL | ||
| 040 | _aMACL | ||
| 090 |
_c33364 _d33362 |
||
| 100 | _aFoster Rhea Timothy | ||
| 245 | _aHow the World's Leading Companies run their Businesses | ||
| 260 |
_bUBSPD Publications _c1993 |
||
| 350 | _a60 | ||
| 650 | _aManagement | ||
| 942 |
_cBOOK _k650/fos |
||
| 999 |
_c33014 _d33014 |
||